|
|
|
|
| LEADER |
00000nab a2200000 a 4500 |
| 001 |
vtls010056466 |
| 003 |
SK-MaSNL |
| 005 |
20260304212515.0 |
| 008 |
100125c2009 xo r m 000 00cze |
| 015 |
|
|
|a SNBRA2010/01SVKPO
|
| 038 |
|
|
|a SVKPO
|
| 040 |
|
|
|a SVKPOCL
|c slo
|e AACR2
|
| 041 |
0 |
|
|a cze
|
| 044 |
|
|
|a xo
|c SK
|
| 080 |
|
|
|a 608.1
|2 2001
|
| 080 |
|
|
|a 618.39-089.888.14
|2 2001
|
| 080 |
|
|
|a 342.726-055.2
|2 2001
|
| 080 |
|
|
|a 173.4
|2 2001
|
| 080 |
|
|
|a 611.013.3/.8
|2 2001
|
| 080 |
|
|
|a 612.646
|2 2001
|
| 080 |
|
|
|a 618.32
|2 2001
|
| 100 |
1 |
|
|a Lojková, Jana
|4 aut
|9 1544585
|
| 245 |
1 |
0 |
|a Vybrané aspekty problematiky interrupcí a počátku lidského života
|c Jana Lojková
|
| 504 |
|
|
|a Bibliogr. odkazy
|
| 650 |
0 |
7 |
|a bioetika
|2 svkpocl
|9 16939
|
| 650 |
0 |
7 |
|a interrupcia
|2 svkpocl
|9 14149
|
| 650 |
0 |
7 |
|a ľudské embryo
|2 svkpocl
|9 68682
|
| 650 |
0 |
7 |
|a morálne aspekty
|2 svkpocl
|9 362546
|
| 773 |
0 |
|
|t Metodologické a metodické otázky bioetiky súčasnosti / ed. Vasil Gluchman
|d Prešov : Filozofická fakulta Prešovskej univerzity, 2009
|g S. 169-176
|z 9788080689957
|
| 852 |
|
|
|a SVKPO
|b KIS3GCP
|
| 958 |
|
|
|a SK
|
| 958 |
|
|
|a NB
|
| 958 |
|
|
|a CZ
|
| 999 |
|
|
|c 3131649
|d 3133579
|